000 00504nam a2200145 a 4500
008 120416s0000 ||||||||||||||||| || u
020 _a0076067475
050 _aTJ 163.2 Ion
100 _aIon, Dan C
245 1 0 _aAvailability of world energy resources
260 _aNew York
_bMGraw-Hill
_c1980
300 _aix, 345p. : ill.
350 _a0.00
995 _D0.00
_FCBU-MAIN LIBRARY (Kitwe)
_H1
_I19.50
_UAVAILABLE
_ZMain Library Open Access Collection
999 _c35359
_d35359